[Event "3rd ch-GER Internet Blitz Candidates"]
[Site "playchess INT"]
[Date "2005.04.02"]
[Round "4"]
[White "Renner, Christo"]
[Black "Koepke, C."]
[Result "1-0"]
[WhiteElo "2398"]
[BlackElo "2226"]
[PlyCount "123"]
[EventDate "2005.04.02"]
[EventType "swiss (blitz)"]
[EventRounds "15"]
[Source "Mark Crowther"]
[SourceDate "2005.04.04"]

1. e4 d5 2. exd5 Qxd5 3. Nc3 Qe5+ 4. Be2 c6 5. d4 Qc7 6. Nf3 Bf5 7. Ne5 Nd7 8.
Bf4 Nxe5 9. Bxe5 Qb6 10. Bd3 Bxd3 11. Qxd3 O-O-O 12. O-O-O f6 13. Qh3+ Rd7 14.
Ne4 e6 15. Qxe6 fxe5 16. dxe5 Qd8 17. Rd3 Kc7 18. Rhd1 Rxd3 19. Rxd3 Qe7 20.
Qh3 Nh6 21. Nd6 Qg5+ 22. Kb1 Qg4 23. Qe3 Nf5 24. Qxa7 Nxd6 25. Qa5+ Kd7 26.
exd6 Bxd6 27. Qe5 Qg6 28. a4 Kc7 29. Qa5+ Kb8 30. g3 Re8 31. Qb6 Bc7 32. Qb3
Re1+ 33. Ka2 Qe6 34. Qxe6 Rxe6 35. Rd7 Re2 36. f4 Rxh2 37. Rxg7 h5 38. c3 h4
39. gxh4 Rxh4 40. f5 Rf4 41. Rf7 Be5 42. Kb3 Rf2 43. Kc4 Bd6 44. Kd3 Kc8 45. b3
Rb2 46. b4 Ra2 47. a5 Rf2 48. Ke3 Rf1 49. Kd4 Rf4+ 50. Kd3 Rf1 51. Rf6 Bc7 52.
Rf8+ Bd8 53. Rf7 Bc7 54. Kd4 Bd8 55. Kc5 Rd1 56. c4 Rf1 57. b5 Rf4 58. bxc6
bxc6 59. Rf8 Kc7 60. Rf7+ Kc8 61. a6 Bc7 62. a7 1-0

[Event "3rd ch-GER Internet Blitz Candidates"]
[Site "playchess INT"]
[Date "2005.04.02"]
[Round "4"]
[White "Lentrodt, T."]
[Black "Feuerstack, A."]
[Result "1/2-1/2"]
[WhiteElo "2292"]
[BlackElo "2224"]
[PlyCount "102"]
[EventDate "2005.04.02"]
[EventType "swiss (blitz)"]
[EventRounds "15"]
[Source "Mark Crowther"]
[SourceDate "2005.04.04"]

1. d4 Nf6 2. c4 c5 3. d5 b5 4. Nd2 bxc4 5. e4 c3 6. bxc3 Qa5 7. Qb3 d6 8. Nc4
Qc7 9. Bd3 Nbd7 10. Nf3 Rb8 11. Qa4 g6 12. O-O Bg7 13. Na5 Bb7 14. Rb1 O-O 15.
Nc4 Ba8 16. Bd2 Nb6 17. Nxb6 axb6 18. Rfe1 Nd7 19. Bb5 Rfd8 20. c4 Bb7 21. Bxd7
Rxd7 22. Rxb6 Ra8 23. Qb3 Ba6 24. Rc6 Qb7 25. Rb1 h6 26. Rb6 Qa7 27. Bf4 Kh7
28. e5 Bc8 29. exd6 exd6 30. Bxd6 Qxa2 31. Qxa2 Rxa2 32. Bxc5 Rc2 33. Rc6 Bb7
34. Rcb6 Bxd5 35. cxd5 Rxc5 36. d6 Rd5 37. g3 R7xd6 38. Rxd6 Rxd6 39. Kg2 g5
40. h3 Kg6 41. g4 h5 42. Re1 Ra6 43. Ne5+ Bxe5 44. Rxe5 Ra4 45. f3 Ra2+ 46. Kg1
f6 47. Re6 Kf7 48. Rc6 Kg7 49. Rb6 Kg6 50. Rc6 hxg4 51. hxg4 Kf7 1/2-1/2

[Event "3rd ch-GER Internet Blitz Candidates"]
[Site "playchess INT"]
[Date "2005.04.02"]
[Round "4"]
[White "Fridman, D2."]
[Black "Margoline, B."]
[Result "1/2-1/2"]
[WhiteElo "2569"]
[BlackElo "2427"]
[PlyCount "115"]
[EventDate "2005.04.02"]
[EventType "swiss (blitz)"]
[EventRounds "15"]
[Source "Mark Crowther"]
[SourceDate "2005.04.04"]

1. d4 Nf6 2. Nf3 d5 3. c4 c6 4. e3 Bf5 5. Nc3 e6 6. Nh4 Be4 7. f3 Bg6 8. Qb3
Qb6 9. Nxg6 hxg6 10. Bd2 Nbd7 11. O-O-O Bd6 12. h3 Qxb3 13. axb3 O-O-O 14. g4
a6 15. Bg2 b5 16. e4 Bb4 17. g5 Nh5 18. cxd5 cxd5 19. exd5 Bxc3 20. bxc3 exd5
21. Kc2 Rhe8 22. Rhe1 Kc7 23. f4 Nb6 24. Re5 f6 25. Rxe8 Rxe8 26. Bf3 Ng3 27.
gxf6 gxf6 28. Rg1 Ne4 29. Rxg6 Nd7 30. f5 Rh8 31. Bf4+ Kc6 32. Bg2 Nd6 33. Bxd6
Kxd6 34. Rg7 a5 35. Bxd5 Rxh3 36. Be6 Nb6 37. Rb7 Kc6 38. Rf7 Nd5 39. Bxd5+
Kxd5 40. Rxf6 b4 41. c4+ Kxd4 42. Rd6+ Ke4 43. f6 Rf3 44. Rd5 Rf2+ 45. Kd1 Rxf6
46. Rxa5 Kd4 47. Rh5 Kc3 48. Rh3+ Kb2 49. c5 Rc6 50. Rh5 Kxb3 51. Kc1 Kc4 52.
Kb2 Rxc5 53. Rxc5+ Kxc5 54. Kb3 Kb5 55. Kb2 Kc4 56. Kc2 b3+ 57. Kb2 Kd4 58.
Kxb3 1/2-1/2

[Event "3rd ch-GER Internet Blitz Candidates"]
[Site "playchess INT"]
[Date "2005.04.02"]
[Round "4"]
[White "Ottmann, M."]
[Black "Gaede, D."]
[Result "0-1"]
[WhiteElo "2142"]
[BlackElo "2194"]
[PlyCount "168"]
[EventDate "2005.04.02"]
[EventType "swiss (blitz)"]
[EventRounds "15"]
[Source "Mark Crowther"]
[SourceDate "2005.04.04"]

1. d4 Nf6 2. Nf3 g6 3. Bg5 Bg7 4. Nbd2 d5 5. c4 O-O 6. e3 Bf5 7. Be2 c6 8. O-O
Qb6 9. Qb3 Nbd7 10. Qxb6 axb6 11. a3 Ne4 12. Bxe7 Rfe8 13. Bh4 Nxd2 14. Nxd2
Bxd4 15. exd4 Rxe2 16. Bg5 dxc4 17. Nxc4 Bd3 18. Nd6 Rxb2 19. Rfd1 Be2 20. Re1
c5 21. dxc5 bxc5 22. Bc1 Rc2 23. Nxb7 Ne5 24. Nxc5 Rc8 25. Nb3 Nd3 26. Rxe2
Rxe2 27. Be3 Rcc2 28. Nd4 Ra2 29. Rd1 Re1+ 30. Rxe1 Nxe1 31. Kf1 Nd3 32. Nb5
Nb2 33. Bc5 Nc4 34. g3 f5 35. Kg2 Kf7 36. Nd6+ Nxd6 37. Bxd6 Ke6 38. Bb4 Kd5
39. Kf3 Rb2 40. Bf8 Rb3+ 41. Ke2 Ke4 42. Be7 Rb2+ 43. Ke1 Kf3 44. Bc5 Rc2 45.
Bb6 Re2+ 46. Kd1 Ra2 47. Bc5 g5 48. h3 h5 49. Kc1 g4 50. hxg4 Kxg4 51. Kb1 Re2
52. a4 Re4 53. a5 Ra4 54. Bb6 f4 55. Bc7 f3 56. Kb2 Kh3 57. Kb3 Ra1 58. Bb6 Kg2
59. Kb4 Rb1+ 60. Kc5 Kxf2 61. Kc6+ Kxg3 62. a6 f2 63. Bxf2+ Kxf2 64. a7 Ra1 65.
Kb7 Rxa7+ 66. Kxa7 h4 67. Kb6 h3 68. Kb7 h2 69. Kb6 h1=Q 70. Kc7 Qf3 71. Kb6
Qe3+ 72. Kc7 Ke2 73. Kc6 Qd3 74. Kc7 Ke3 75. Kc6 Qd4 76. Kc7 Ke4 77. Kc6 Qd5+
78. Kc7 Ke5 79. Kb8 Kd4 80. Ka7 Qc5+ 81. Kb8 Kd5 82. Ka8 Qc6+ 83. Kb8 Qd7 84.
Ka8 Kc6 0-1

[Event "3rd ch-GER Internet Blitz Candidates"]
[Site "playchess INT"]
[Date "2005.04.02"]
[Round "4"]
[White "Drabke, L."]
[Black "Rodewis, T."]
[Result "0-1"]
[WhiteElo "2456"]
[BlackElo "2364"]
[PlyCount "132"]
[EventDate "2005.04.02"]
[EventType "swiss (blitz)"]
[EventRounds "15"]
[Source "Mark Crowther"]
[SourceDate "2005.04.04"]

1. e3 d5 2. Nf3 Nf6 3. b3 c6 4. Bb2 Bg4 5. Be2 Bxf3 6. Bxf3 Nbd7 7. c4 e5 8.
Nc3 d4 9. exd4 exd4 10. Ne2 Ne5 11. Bxd4 Nxf3+ 12. gxf3 Be7 13. Qc2 O-O 14.
O-O-O Re8 15. Bb2 a5 16. Rhg1 a4 17. Nd4 axb3 18. axb3 Ba3 19. Nf5 g6 20. Qc3
Bxb2+ 21. Kxb2 Re6 22. Rde1 Qf8 23. Rxe6 fxe6 24. Ne3 Nh5 25. Ng4 Qa3+ 26. Kc2
Ng7 27. Nh6+ Kh8 28. Rg4 Rf8 29. Rd4 Qa2+ 30. Kc1 Qa3+ 31. Kd1 Qc5 32. Rd7 e5
33. Nf7+ Kg8 34. Nh6+ Kh8 35. Nf7+ Kg8 36. Qxe5 Qxe5 37. Nxe5 Nf5 38. Rxb7 Nd4
39. Nd7 Rd8 40. c5 h5 41. b4 Nxf3 42. Ke2 Ne5 43. Ke3 Nxd7 44. Ke4 Nf6+ 45. Ke5
Nd5 46. Rb6 Nxb6 47. cxb6 Rb8 48. Kd6 Rxb6 49. Kc5 Rb5+ 50. Kxc6 Rxb4 51. Kc5
Rf4 52. d4 Rxf2 53. d5 Rc2+ 54. Kd6 Rxh2 55. Ke5 Rd2 56. d6 Rxd6 57. Kxd6 h4
58. Ke5 h3 59. Kf4 h2 60. Kg5 h1=Q 61. Kxg6 Qd5 62. Kf6 Kf8 63. Kg6 Ke7 64. Kg7
Qg5+ 65. Kh8 Kf7 66. Kh7 Qh5# 0-1

[Event "3rd ch-GER Internet Blitz Candidates"]
[Site "playchess INT"]
[Date "2005.04.02"]
[Round "4"]
[White "Reich, T."]
[Black "Huch, R."]
[Result "0-1"]
[WhiteElo "2406"]
[BlackElo "2325"]
[PlyCount "128"]
[EventDate "2005.04.02"]
[EventType "swiss (blitz)"]
[EventRounds "15"]
[Source "Mark Crowther"]
[SourceDate "2005.04.04"]

1. d4 d5 2. Nf3 Nf6 3. c4 dxc4 4. e3 Bg4 5. Bxc4 e6 6. h3 Bh5 7. g4 Bg6 8. Nc3
Nbd7 9. Bf1 c6 10. Bg2 Bd6 11. Nh4 e5 12. Nxg6 hxg6 13. O-O Qe7 14. b3 O-O-O
15. Bb2 exd4 16. exd4 Nb6 17. Re1 Qd7 18. Rc1 Kb8 19. Qf3 g5 20. Na4 Nxa4 21.
bxa4 Bf4 22. Rb1 Ka8 23. a5 a6 24. Ba3 Nd5 25. Bc5 Rhe8 26. Rxe8 Rxe8 27. Qb3
Bb8 28. Qd3 Qc7 29. Kf1 Qf4 30. Qf3 Qxf3 31. Bxf3 Bc7 32. Bb6 Bxb6 33. axb6 Kb8
34. Bxd5 cxd5 35. a4 Re4 36. Rd1 a5 37. Kg2 Re6 38. Rb1 Re4 39. Rb5 Rxd4 40.
Rxa5 f6 41. Rc5 Rxa4 42. Rxd5 Rc4 43. Rd7 Rc6 44. Rd8+ Rc8 45. Rd7 Rc6 46. Rxg7
Rxb6 47. f4 Rb2+ 48. Kg1 gxf4 49. h4 Rb3 50. h5 Rg3+ 51. Kh2 f5 52. h6 fxg4 53.
h7 Rh3+ 54. Kg2 Ka7 55. Rxg4 Rxh7 56. Rxf4 b5 57. Rf6 Rb7 58. Kf2 b4 59. Ke2 b3
60. Rf1 b2 61. Rb1 Ka6 62. Kd2 Ka5 63. Kc2 Ka4 64. Rxb2 Rxb2+ 0-1

[Event "3rd ch-GER Internet Blitz Candidates"]
[Site "playchess INT"]
[Date "2005.04.02"]
[Round "4"]
[White "Haba, P."]
[Black "Krivoshey, S."]
[Result "0-1"]
[WhiteElo "2525"]
[BlackElo "2487"]
[PlyCount "102"]
[EventDate "2005.04.02"]
[EventType "swiss (blitz)"]
[EventRounds "15"]
[Source "Mark Crowther"]
[SourceDate "2005.04.04"]

1. d4 d5 2. c4 c6 3. Nf3 Nf6 4. Nc3 dxc4 5. a4 Bf5 6. Ne5 Nbd7 7. Nxc4 Qc7 8.
g3 e5 9. dxe5 Nxe5 10. Bf4 Nfd7 11. Bg2 g5 12. Ne3 gxf4 13. Nxf5 O-O-O 14. Qc2
Nc5 15. O-O Ne6 16. Qe4 Ng6 17. Rfc1 Qe5 18. Qxe5 Nxe5 19. Ne4 Bb4 20. a5 a6
21. Ra4 Bf8 22. Nf6 fxg3 23. hxg3 Rd2 24. Re4 Ng6 25. b3 Ba3 26. Rb1 Bb2 27.
Nh5 Rhd8 28. Bh3 Kc7 29. Nh6 Ng5 30. Rg4 Nxh3+ 31. Kg2 R8d5 32. Rxb2 Rxb2 33.
Nf6 Rxa5 34. Kxh3 Rxe2 35. Rd4 Rxf2 36. Rd7+ Kb6 37. Rxf7 Raa2 38. Nhg4 Rfd2
39. Rxh7 Nf8 40. Rf7 Ne6 41. Kh4 Rab2 42. Ne4 Rd4 43. Nef6 Rxb3 44. Re7 Nc5 45.
Re5 Rbb4 46. Kg5 Nd7 47. Nxd7+ Rxd7 48. Nf6 Rd3 49. Re7 Rxg3+ 50. Kf5 Rf3+ 51.
Kg5 Rxf6 0-1

[Event "3rd ch-GER Internet Blitz Candidates"]
[Site "playchess INT"]
[Date "2005.04.02"]
[Round "5"]
[White "Seel, C."]
[Black "Buscher, M."]
[Result "1-0"]
[WhiteElo "2477"]
[BlackElo "2305"]
[PlyCount "45"]
[EventDate "2005.04.02"]
[EventType "swiss (blitz)"]
[EventRounds "15"]
[Source "Mark Crowther"]
[SourceDate "2005.04.04"]

1. Nf3 d6 2. d4 f5 3. Nc3 Nf6 4. Bg5 g6 5. Bxf6 exf6 6. d5 Nd7 7. Nd4 Ne5 8. e3
h5 9. Bb5+ Kf7 10. h3 a6 11. Be2 Kg7 12. f4 Nf7 13. Qd3 h4 14. O-O-O Be7 15. g4
hxg3 16. Rdg1 Qd7 17. Rxg3 c5 18. Ne6+ Kh7 19. Bh5 Rg8 20. Bxg6+ Rxg6 21. Qxf5
Nh8 22. Rxg6 Nxg6 23. Qh5+ 1-0

[Event "3rd ch-GER Internet Blitz Candidates"]
[Site "playchess INT"]
[Date "2005.04.02"]
[Round "5"]
[White "Rodewis, T."]
[Black "Gramlich, S."]
[Result "0-1"]
[WhiteElo "2364"]
[BlackElo "2064"]
[PlyCount "58"]
[EventDate "2005.04.02"]
[EventType "swiss (blitz)"]
[EventRounds "15"]
[Source "Mark Crowther"]
[SourceDate "2005.04.04"]

1. d4 d5 2. c4 e6 3. Nc3 c5 4. cxd5 cxd4 5. Qxd4 Nc6 6. Qd1 exd5 7. Qxd5 Bd7 8.
Nf3 Nf6 9. Qd1 Bc5 10. e3 Qe7 11. a3 O-O-O 12. Qc2 Kb8 13. Be2 g5 14. Na4 Bd6
15. O-O g4 16. Nh4 h5 17. g3 Ne4 18. b4 Ng5 19. Bb2 Ne5 20. b5 Rc8 21. Qd2 Rhd8
22. Rfd1 Be6 23. Qxd6+ Rxd6 24. Bxe5 Rcd8 25. Rxd6 Rxd6 26. Rd1 Nh3+ 27. Kf1
Kc8 28. Bxd6 Qf6 29. b6 Qxf2# 0-1

[Event "3rd ch-GER Internet Blitz Candidates"]
[Site "playchess INT"]
[Date "2005.04.02"]
[Round "5"]
[White "Fridman, D2."]
[Black "Kostic, Vl"]
[Result "1-0"]
[WhiteElo "2569"]
[BlackElo "2439"]
[PlyCount "51"]
[EventDate "2005.04.02"]
[EventType "swiss (blitz)"]
[EventRounds "15"]
[Source "Mark Crowther"]
[SourceDate "2005.04.04"]

1. d4 Nf6 2. Nf3 b5 3. Qd3 a6 4. e4 d6 5. e5 dxe5 6. dxe5 Qxd3 7. Bxd3 Nd5 8.
a3 Bb7 9. e6 f6 10. O-O g6 11. c4 bxc4 12. Bxc4 Bg7 13. Rd1 Nb6 14. Ba2 Bxf3
15. gxf3 Nc6 16. Nc3 O-O 17. Be3 f5 18. Nd5 Bxb2 19. Rab1 Be5 20. Rbc1 Na5 21.
Nxe7+ Kh8 22. Rxc7 Rfd8 23. Rxd8+ Rxd8 24. Bxb6 Rd1+ 25. Kg2 Bxc7 26. Bxc7 1-0

[Event "3rd ch-GER Internet Blitz Candidates"]
[Site "playchess INT"]
[Date "2005.04.02"]
[Round "5"]
[White "Boettcher, C."]
[Black "Ottmann, M."]
[Result "0-1"]
[WhiteElo "2166"]
[BlackElo "2142"]
[PlyCount "94"]
[EventDate "2005.04.02"]
[EventType "swiss (blitz)"]
[EventRounds "15"]
[Source "Mark Crowther"]
[SourceDate "2005.04.04"]

1. e4 e5 2. d3 Bc5 3. Nd2 d6 4. Ngf3 Nc6 5. h3 f5 6. g3 Nf6 7. Bg2 O-O 8. O-O
fxe4 9. dxe4 Be6 10. Kh2 Nd4 11. c3 Nxf3+ 12. Qxf3 Ng4+ 13. hxg4 Rxf3 14. Bxf3
Qd7 15. g5 Rf8 16. Kg1 Bh3 17. Bg2 Bxg2 18. Kxg2 Qg4 19. f3 Qxg5 20. Nc4 Qe7
21. b4 Bb6 22. a4 c6 23. Nxb6 axb6 24. Be3 c5 25. a5 b5 26. a6 bxa6 27. Rxa6
cxb4 28. cxb4 Rc8 29. Rf2 h6 30. Rd2 Rc3 31. Bg1 Qf7 32. Rf2 Qf6 33. Rf1 Rb3
34. Bc5 Rb2+ 35. Rf2 Rxf2+ 36. Kxf2 Qg5 37. Rxd6 Qc1 38. Rd5 Qc2+ 39. Ke3 Qc3+
40. Ke2 Qc2+ 41. Rd2 Qc4+ 42. Kf2 Kf7 43. Rd7+ Kg6 44. Bf8 Qc2+ 45. Kg1 Qc1+
46. Kh2 Qc2+ 47. Kh3 Qc8 0-1

[Event "3rd ch-GER Internet Blitz Candidates"]
[Site "playchess INT"]
[Date "2005.04.02"]
[Round "5"]
[White "Huch, R."]
[Black "Renner, Christo"]
[Result "0-1"]
[WhiteElo "2325"]
[BlackElo "2398"]
[PlyCount "94"]
[EventDate "2005.04.02"]
[EventType "swiss (blitz)"]
[EventRounds "15"]
[Source "Mark Crowther"]
[SourceDate "2005.04.04"]

1. d4 f5 2. Nc3 Nf6 3. Bg5 e6 4. e4 fxe4 5. Nxe4 Be7 6. Bxf6 Bxf6 7. Nf3 Nc6 8.
c3 O-O 9. Bd3 d5 10. Nxf6+ Qxf6 11. Qe2 Bd7 12. O-O Be8 13. Ne5 Nxe5 14. Qxe5
Qxe5 15. dxe5 g5 16. c4 Bc6 17. cxd5 Bxd5 18. Rac1 c6 19. Bc4 Rac8 20. Bxd5
cxd5 21. g3 Kg7 22. Kg2 Kg6 23. f3 Kf5 24. Rce1 Rc2+ 25. Rf2 Rfc8 26. Ree2 Rxe2
27. Rxe2 h5 28. h3 Rc1 29. Kf2 a5 30. Kg2 b5 31. Kf2 a4 32. Kg2 b4 33. g4+ hxg4
34. hxg4+ Kf4 35. Rd2 Kxe5 36. Re2+ Kd6 37. Rd2 e5 38. Kf2 b3 39. axb3 axb3 40.
Ke3 Kc5 41. Kd3 Kb4 42. Re2 Rf1 43. Rxe5 Rxf3+ 44. Kd2 Kc4 45. Rxg5 Rf2+ 46.
Kc1 d4 47. Rg8 Kd3 0-1

[Event "3rd ch-GER Internet Blitz Candidates"]
[Site "playchess INT"]
[Date "2005.04.02"]
[Round "5"]
[White "Hoffmann, L."]
[Black "Feuerstack, A."]
[Result "1-0"]
[WhiteElo "2157"]
[BlackElo "2224"]
[PlyCount "51"]
[EventDate "2005.04.02"]
[EventType "swiss (blitz)"]
[EventRounds "15"]
[Source "Mark Crowther"]
[SourceDate "2005.04.04"]

1. e4 c5 2. Nf3 e6 3. c3 Nf6 4. Bd3 b6 5. O-O Bb7 6. Re1 Be7 7. Bc2 O-O 8. d4
d5 9. e5 Nfd7 10. Qd3 g6 11. Bh6 Re8 12. Nbd2 Nc6 13. Qe3 Rc8 14. Rac1 f6 15.
exf6 Bxf6 16. Qf4 e5 17. dxe5 Ndxe5 18. Nxe5 Bxe5 19. Qg4 Qf6 20. Nf3 Bb8 21.
h4 Ne5 22. Nxe5 Rxe5 23. f4 Rxe1+ 24. Rxe1 d4 25. Qxc8+ Bxc8 26. Bb3+ 1-0

[Event "3rd ch-GER Internet Blitz Candidates"]
[Site "playchess INT"]
[Date "2005.04.02"]
[Round "5"]
[White "Buchenau, F."]
[Black "Haba, P."]
[Result "0-1"]
[WhiteElo "2345"]
[BlackElo "2525"]
[PlyCount "72"]
[EventDate "2005.04.02"]
[EventType "swiss (blitz)"]
[EventRounds "15"]
[Source "Mark Crowther"]
[SourceDate "2005.04.04"]

1. e4 c5 2. b3 e6 3. Nf3 Nf6 4. e5 Nd5 5. Bb2 Nc6 6. Bb5 Qb6 7. Bc4 Nf4 8. O-O
Be7 9. Nc3 O-O 10. Ne4 Ng6 11. Re1 Qc7 12. Ng3 b6 13. Bd3 Bb7 14. Be4 Rad8 15.
Qe2 Nb4 16. Bxb7 Qxb7 17. d4 cxd4 18. Nxd4 d6 19. exd6 Bxd6 20. Ne4 Be5 21. c3
Bxd4 22. cxd4 a5 23. Ba3 Rxd4 24. Bb2 Rd5 25. Bxg7 Kxg7 26. Qb2+ f6 27. Re3 Nd3
28. Qe2 Ndf4 29. Qg4 f5 30. Qg3 fxe4 31. Rae1 Rd3 32. h4 Qd5 33. Qg4 h5 34. Qg3
Rxe3 35. fxe3 Nd3 36. Rd1 Qe5 0-1

[Event "3rd ch-GER Internet Blitz Candidates"]
[Site "playchess INT"]
[Date "2005.04.02"]
[Round "5"]
[White "Vuckovic, Alek"]
[Black "Brener, I."]
[Result "1/2-1/2"]
[WhiteElo "2325"]
[BlackElo "2321"]
[PlyCount "91"]
[EventDate "2005.04.02"]
[EventType "swiss (blitz)"]
[EventRounds "15"]
[Source "Mark Crowther"]
[SourceDate "2005.04.04"]

1. e4 c5 2. Nf3 Nc6 3. d4 cxd4 4. Nxd4 Nf6 5. Nc3 e5 6. Ndb5 d6 7. Nd5 Nxd5 8.
exd5 Nb8 9. c4 Be7 10. Be2 O-O 11. O-O a6 12. Nc3 Bf5 13. Be3 Bg6 14. b4 Nd7
15. Qd2 Rc8 16. Rac1 f5 17. f3 f4 18. Bf2 a5 19. a3 Nf6 20. Bd3 Bf7 21. Ne4
Nxe4 22. Bxe4 g5 23. Rfd1 Bg6 24. Bxg6 hxg6 25. c5 g4 26. c6 bxc6 27. dxc6 gxf3
28. gxf3 axb4 29. Qd5+ Kg7 30. axb4 Rh8 31. b5 Bh4 32. Bxh4 Rxh4 33. Rc2 Qb6+
34. Kh1 Rch8 35. c7 Qe3 36. c8=Q Rxc8 37. Rxc8 Qf2 38. Rc7+ Kh6 39. Rh7+ Kxh7
40. Qf7+ Kh6 41. Qf8+ Kh5 42. Qh8+ Kg5 43. Qd8+ Kh5 44. Qh8+ Kg5 45. Qd8+ Kh5
46. Qh8+ 1/2-1/2

[Event "3rd ch-GER Internet Blitz Candidates"]
[Site "playchess INT"]
[Date "2005.04.02"]
[Round "5"]
[White "Margoline, B."]
[Black "Zumsande, M."]
[Result "1-0"]
[WhiteElo "2427"]
[BlackElo "2381"]
[PlyCount "89"]
[EventDate "2005.04.02"]
[EventType "swiss (blitz)"]
[EventRounds "15"]
[Source "Mark Crowther"]
[SourceDate "2005.04.04"]

1. e4 e6 2. d4 d5 3. e5 c5 4. c3 Qb6 5. Nf3 Nc6 6. a3 c4 7. Be2 f6 8. O-O fxe5
9. Nxe5 Nxe5 10. dxe5 Bc5 11. Bh5+ g6 12. Bg4 Ne7 13. Qe2 Bd7 14. Bg5 O-O-O 15.
Bf6 Rhg8 16. Kh1 Rdf8 17. Ra2 Nf5 18. Nd2 Kb8 19. Nf3 Ba4 20. Raa1 h6 21. Rac1
Rf7 22. Qd2 Rh7 23. Bh3 a6 24. g4 Ne7 25. Nd4 Bxd4 26. cxd4 Nc6 27. Rcd1 Bxd1
28. Rxd1 Qb3 29. Kg2 g5 30. Re1 h5 31. f3 hxg4 32. Bxg4 Nxd4 33. h3 Nf5 34. Re2
Rc7 35. Bxf5 exf5 36. Qxd5 g4 37. Qxg8+ Rc8 38. Qd5 gxh3+ 39. Kh2 Qb6 40. Qd6+
Ka7 41. Qxb6+ Kxb6 42. e6 Re8 43. e7 Kc6 44. Rd2 b5 45. Rd8 1-0

[Event "3rd ch-GER Internet Blitz Candidates"]
[Site "playchess INT"]
[Date "2005.04.02"]
[Round "5"]
[White "Muse, D."]
[Black "Berelovich, A."]
[Result "1/2-1/2"]
[WhiteElo "2418"]
[BlackElo "2542"]
[PlyCount "130"]
[EventDate "2005.04.02"]
[EventType "swiss (blitz)"]
[EventRounds "15"]
[Source "Mark Crowther"]
[SourceDate "2005.04.04"]

1. d4 e6 2. Nf3 f5 3. g3 Nf6 4. Bg2 d5 5. O-O c6 6. Nbd2 Be7 7. c4 O-O 8. Qc2
Bd7 9. Ne5 Be8 10. Nd3 Nbd7 11. Nf3 Ne4 12. b3 Bf6 13. Bb2 Qe7 14. Rad1 Bh5 15.
Nfe5 Bxe5 16. dxe5 dxc4 17. Nf4 c3 18. Bxc3 Nxc3 19. Qxc3 Bf7 20. Rd6 Nb6 21.
Rfd1 Nd5 22. Bxd5 exd5 23. h4 Rad8 24. Rxd8 Rxd8 25. Nd3 Bh5 26. f3 Re8 27. Kf2
f4 28. Nxf4 Qxe5 29. Qxe5 Rxe5 30. Nxh5 Rxh5 31. f4 Rh6 32. e4 Rd6 33. e5 Rd8
34. Ke3 h5 35. Rc1 Kf7 36. f5 d4+ 37. Ke4 d3 38. Rd1 d2 39. Ke3 Rd5 40. Rxd2
Rxe5+ 41. Kf4 Ra5 42. Kg5 g6 43. Rf2 Kg7 44. a4 Rd5 45. Rf3 a5 46. g4 hxg4 47.
Kxg4 gxf5+ 48. Rxf5 Rd3 49. Rf3 Rd4+ 50. Kg5 Rb4 51. h5 b5 52. h6+ Kg8 53. Kg6
Rg4+ 54. Kh5 Rb4 55. Rc3 bxa4 56. bxa4 Rxa4 57. Rxc6 Ra1 58. Ra6 a4 59. Ra8+
Kh7 60. Ra7+ Kh8 61. Kg6 Rg1+ 62. Kf6 Rf1+ 63. Kg6 Rg1+ 64. Kf6 Rf1+ 65. Kg6
Rg1+ 1/2-1/2

[Event "3rd ch-GER Internet Blitz Candidates"]
[Site "playchess INT"]
[Date "2005.04.02"]
[Round "5"]
[White "Krivoshey, S."]
[Black "Schmidt, Ha"]
[Result "1-0"]
[WhiteElo "2487"]
[BlackElo "2368"]
[PlyCount "61"]
[EventDate "2005.04.02"]
[EventType "swiss (blitz)"]
[EventRounds "15"]
[Source "Mark Crowther"]
[SourceDate "2005.04.04"]

1. Nf3 c5 2. c4 Nc6 3. g3 e6 4. Bg2 Nf6 5. O-O Be7 6. Nc3 O-O 7. d4 cxd4 8.
Nxd4 a6 9. b3 d6 10. Nxc6 bxc6 11. Bxc6 Rb8 12. Bg2 Nd7 13. Ne4 Ne5 14. Ba3 d5
15. Bxe7 Qxe7 16. cxd5 exd5 17. Qxd5 Rd8 18. Qc5 Qxc5 19. Nxc5 a5 20. Rfd1 Bf5
21. f4 Ng4 22. e4 Be6 23. f5 Rdc8 24. Rdc1 Rb5 25. fxe6 Rbxc5 26. Rxc5 Rxc5 27.
e7 Re5 28. Rc1 f6 29. Rc7 h5 30. Bf1 Ne3 31. Bb5 1-0

[Event "3rd ch-GER Internet Blitz Candidates"]
[Site "playchess INT"]
[Date "2005.04.02"]
[Round "5"]
[White "Zwahr, P."]
[Black "Heimann, A."]
[Result "1-0"]
[WhiteElo "2104"]
[BlackElo "2095"]
[PlyCount "91"]
[EventDate "2005.04.02"]
[EventType "swiss (blitz)"]
[EventRounds "15"]
[Source "Mark Crowther"]
[SourceDate "2005.04.04"]

1. e4 e5 2. Nf3 Nc6 3. Bb5 a6 4. Ba4 Nf6 5. O-O Be7 6. Re1 b5 7. Bb3 O-O 8. h3
Bb7 9. d3 d6 10. a3 Nb8 11. Nbd2 Nbd7 12. Nf1 Re8 13. Ng3 Nc5 14. Ba2 Ne6 15.
Nf5 Bf8 16. Ng5 Bc8 17. Qf3 g6 18. Nh6+ Bxh6 19. Nxe6 Bxe6 20. Bxh6 Bxa2 21.
Bg5 Re6 22. Rxa2 Kg7 23. Qe3 Qd7 24. f4 exf4 25. Qxf4 Ng8 26. Qf3 h6 27. Bd2
Rf8 28. Rf1 Ree8 29. Rf2 f5 30. Bc3+ Kh7 31. Ra1 f4 32. Raf1 g5 33. Qe2 Ne7 34.
d4 Ng6 35. Qd3 Qe6 36. Re1 c5 37. d5 Qe7 38. e5 dxe5 39. Rxe5 Qf7 40. Rfe2 Rxe5
41. Rxe5 Re8 42. Rf5 Qd7 43. Rf6 Rg8 44. Rxa6 Qe8 45. Ra7+ Rg7 46. Rxg7+ 1-0

[Event "3rd ch-GER Internet Blitz Candidates"]
[Site "playchess INT"]
[Date "2005.04.02"]
[Round "5"]
[White "Phildius, B."]
[Black "Drabke, L."]
[Result "0-1"]
[WhiteElo "2312"]
[BlackElo "2456"]
[PlyCount "76"]
[EventDate "2005.04.02"]
[EventType "swiss (blitz)"]
[EventRounds "15"]
[Source "Mark Crowther"]
[SourceDate "2005.04.04"]

1. b3 e6 2. Bb2 Nf6 3. f4 d5 4. Nf3 c5 5. e3 Nc6 6. Bb5 Bd7 7. O-O Be7 8. d3
O-O 9. Nbd2 g6 10. Bxc6 Bxc6 11. Ne5 Rc8 12. a4 Nd7 13. Nxc6 Rxc6 14. e4 Bf6
15. e5 Bg7 16. Qe2 b6 17. c4 Nb8 18. Nf3 Rc7 19. Rae1 Nc6 20. h4 Rd7 21. h5 Nb4
22. hxg6 hxg6 23. Bc1 dxc4 24. dxc4 Qa8 25. Ng5 Nd3 26. Rd1 Rfd8 27. Be3 Bh6
28. Qg4 Bxg5 29. Qxg5 Qe4 30. Rf3 Qf5 31. Qh4 Qh5 32. Qxh5 gxh5 33. Bf2 Nxe5
34. Rxd7 Nxf3+ 35. gxf3 Rxd7 36. Kg2 Rd3 37. Kg3 Rxb3 38. f5 exf5 0-1

[Event "3rd ch-GER Internet Blitz Candidates"]
[Site "playchess INT"]
[Date "2005.04.02"]
[Round "5"]
[White "Womacka, M."]
[Black "Polaczek, R."]
[Result "1/2-1/2"]
[WhiteElo "2436"]
[BlackElo "2426"]
[PlyCount "121"]
[EventDate "2005.04.02"]
[EventType "swiss (blitz)"]
[EventRounds "15"]
[Source "Mark Crowther"]
[SourceDate "2005.04.04"]

1. e4 Nf6 2. e5 Nd5 3. d4 d6 4. Nf3 g6 5. Bc4 Nb6 6. Bb3 Bg7 7. Ng5 e6 8. f4
dxe5 9. fxe5 c5 10. c3 cxd4 11. cxd4 Nc6 12. Nf3 O-O 13. O-O f6 14. exf6 Qxf6
15. Be3 Nd5 16. Bf2 Nf4 17. Nc3 Nh3+ 18. gxh3 Qxf3 19. Qxf3 Rxf3 20. Kg2 Rd3
21. Rad1 Rxd1 22. Rxd1 Na5 23. Ba4 a6 24. d5 b5 25. Bc2 Bb7 26. Kg1 b4 27. Ne4
Bxd5 28. Nc5 Bxa2 29. Ra1 b3 30. Bxb3 Nxb3 31. Rxa2 Nxc5 32. Bxc5 Rc8 33. b4
Rc6 34. Kf2 Bf8 35. Kf3 Bxc5 36. bxc5 Kf7 37. Rc2 e5 38. Ke4 Ke6 39. h4 a5 40.
Rc4 h6 41. h3 h5 42. Rc1 a4 43. Rc3 Rc7 44. Rc4 a3 45. Ra4 Rxc5 46. Ra6+ Kf7
47. Rxa3 Kg7 48. Ra4 Kh6 49. Rb4 Ra5 50. Rc4 Ra3 51. Kxe5 Rxh3 52. Rf4 Rg3 53.
Ke4 Kg7 54. Rf3 Rg4+ 55. Rf4 Rxf4+ 56. Kxf4 Kf6 57. Ke4 g5 58. hxg5+ Kxg5 59.
Kf3 h4 60. Kg2 h3+ 61. Kxh3 1/2-1/2